003870000a2200157000450000500170000010000220001724500520003926000360009130000090012704000080013636500120014465000130015665000200016965000190018965000210020820120302060240.0 a Gulabrao Maharaj a Granthsangraha:Suktiratnawali-Trayodash Yashti aNagpur:Vasudev Waman Mule,1921. a75p. aMAR b00.50/- aSankirna aGranth-Sankirna aSuktiratnawali aTrayodash Yashti